| 000 | 00560nam a2200205Ia 4500 | ||
|---|---|---|---|
| 003 | IN-BaIIA | ||
| 008 | 211028s9999 xx 000 0 eng d | ||
| 020 | _a0-408-70553-1 | ||
| 040 | _cIIA Library | ||
| 080 |
_a535.33 _bALL |
||
| 100 |
_aAllen, G _99970 |
||
| 245 | 0 |
_aStatistical mechanics and spectroscopy _cG. Allen and H. O. Pritchard. |
|
| 260 |
_aLondon _bButterworths _c1974 |
||
| 300 | _ax, 140p. | ||
| 650 | _aNASA Thesaurus | ||
| 650 |
_aSpectroscopy _91535 |
||
| 650 | _aStatistical Mechanics | ||
| 700 |
_aPritchard, H. O. _99971 |
||
| 942 | _cBK | ||
| 999 |
_c5757 _d5757 |
||